000 00506nam a2200133 a 4500
008 080109s1983 ||||||||||||||||| || u
050 _aQ 175.5 Cap
100 _aCapra, Fritjof
245 1 4 _aThe turning point: science, society and the rising culture
260 _aLondon
_bFontana Paperbacks
_c1983
300 _axx, 516p. : ill.
350 _a0.00
995 _D0.00
_FCBU-MAIN LIBRARY (Kitwe)
_H1
_I3.50
_M1
_UAVAILABLE
_ZAnnex Low-Usage Collection
999 _c60510
_d60510